| 000 | 00538nam a2200169Ia 4500 | ||
|---|---|---|---|
| 008 | 220104s9999 xx 000 0 und d | ||
| 100 | _aBabatunde G M | ||
| 245 | 0 | _aNutritive value of rubber seed (Hevea beasiliensis) meal: Utilization by growing pigs of semipurified diets in which rubber seed meal partially replaced soybean meal | |
| 650 | _aDiets | ||
| 650 | _aHevea brasiliensis | ||
| 650 | _aNutritive value | ||
| 650 | _aPigs | ||
| 650 | _aRubber seed meal | ||
| 650 | _aUtilization | ||
| 700 | _aPeo E R Jr. | ||
| 942 | _cBE | ||
| 999 |
_c47449 _d47449 |
||